| 000 | 00367nam a22001337a 4500 | ||
|---|---|---|---|
| 005 | 20260320122609.0 | ||
| 008 | 260320b |||||||| |||| 00| 0 eng d | ||
| 040 | _cFLL | ||
| 041 |
_2eng _aeng |
||
| 100 |
_aSumit _91132668 |
||
| 245 | _aImpact of Arbitration on the Development of Commercial Laws in India | ||
| 260 |
_aDU _bFaculty of Law _c2023 |
||
| 942 |
_2CC _cDIS |
||
| 999 |
_c1715830 _d1715830 |
||